000 00293nam a2200109 a 4500
005 20200930075733.0
008 120118s1975 000 spa d
020 _a0538195703
245 0 _aAdvertising : planning, implementation, and control.
260 _aCincinnati,
_c1975.
999 _c35940
_d35940
040 _aDO-SdBNP